<?xml version="1.0" encoding="utf-8"?>
<?xml-stylesheet type='text/xsl' href='./oai2.xsl'?>
<OAI-PMH xmlns="http://www.openarchives.org/OAI/2.0/" xmlns:xsi="http://www.w3.org/2001/XMLSchema-instance" xsi:schemaLocation="http://www.openarchives.org/OAI/2.0/ http://www.openarchives.org/OAI/2.0/OAI-PMH.xsd">
  <responseDate>2026-06-05T06:59:29Z</responseDate>
  <request verb="GetRecord" metadataPrefix="marcxml" identifier="record_kuniweb_1107576">https://kulturerbe.niedersachsen.de/oai</request>
  <GetRecord>
    <record>
      <header>
        <identifier>record_kuniweb_1107576</identifier>
        <datestamp>2025-08-28T09:38:22Z</datestamp>
        <setSpec>slg0111</setSpec>
      </header>
      <metadata>
        <marc:record xmlns:marc="http://www.loc.gov/MARC21/slim" xsi:schemaLocation="http://www.loc.gov/MARC21/slim http://www.loc.gov/standards/marcxml/schema/MARC21slim.xsd">
          <marc:leader>12345nkm  22     uu 4500</marc:leader>
          <marc:controlfield tag="001">1107576</marc:controlfield>
          <marc:controlfield tag="003">http://kuniweb.gbv.de</marc:controlfield>
          <marc:controlfield tag="005">2018-10-28T15:36:36</marc:controlfield>
          <marc:controlfield tag="008">|           ||||||||||||||||||||||</marc:controlfield>
          <marc:datafield tag="245" ind1="1" ind2="0">
            <marc:subfield code="a">Vorgelege zum Antrieb für Mahlgänge und Walzenstühle für Herrn Arno Bechstedt in Beutnitz bei Jena, 1909</marc:subfield>
          </marc:datafield>
          <marc:datafield tag="655" ind1=" " ind2="7">
            <marc:subfield code="a">Grafik</marc:subfield>
          </marc:datafield>
          <marc:datafield tag="046" ind1=" " ind2=" ">
            <marc:subfield code="k">1909-03-23</marc:subfield>
            <marc:subfield code="k">23.03.1909</marc:subfield>
          </marc:datafield>
          <marc:datafield tag="260" ind1=" " ind2=" ">
            <marc:subfield code="g">1909-03-23</marc:subfield>
            <marc:subfield code="g">23.03.1909</marc:subfield>
          </marc:datafield>
          <marc:datafield tag="520" ind1=" " ind2=" ">
            <marc:subfield code="a">Zeichnung – schwarz-weiß   
Herstellungsort – Königshütte, Bad Lauterberg

Auftraggeber und Standort: 
Mühlenbesitzer Arno Bechstedt, Beutnitz bei Jena

Information:
Zur Inventarnummer sind drei Zeichnungen vorhanden.

Anmerkung:
Ein Vorgelege ist eine Erweiterung des Schaltgetriebes von Fahrzeugen und Werkzeugmaschinen. Wird es dem Standardgetriebe zugeschaltet, so verringert sich die Drehzahl der angetriebenen Welle, und das zur Verfügung stehende Drehmoment wird erhöht. Das Zuschalten erfolgt meistens nicht synchronisiert, d. h. im Stillstand der Wellen. Auch in Wassermühlen, die mit einem Wasserrad angetrieben werden, befindet sich ein Vorgelege… . Es schließt unmittelbar an die Wasserradwelle an und hat die Aufgabe, die niedrige Drehzahl des Wasserrades auf die höhere der Haupttransmission zu übersetzen, wodurch das Drehmoment verringert wird. Solche Vorgelege bestehen meistens aus zwei oder drei Zahnradpaaren mit Zahnrädern oder Kammrädern von einem halben bis über drei Metern Durchmesser.	
siehe: 
Vorgelege – Wikipedia
https://de.wikipedia.org/wiki/Vorgelege






 (Förderkreis Königshütte Bad Lauterberg e.V.)

Maßstab: 1 zu 25</marc:subfield>
          </marc:datafield>
          <marc:datafield tag="650" ind1="1" ind2=" ">
            <marc:subfield code="a">Müllereitechnologie</marc:subfield>
          </marc:datafield>
          <marc:datafield tag="650" ind1="1" ind2=" ">
            <marc:subfield code="a">Grafik, Fotografie &gt; Zeichnung</marc:subfield>
          </marc:datafield>
          <marc:datafield tag="650" ind1="1" ind2=" ">
            <marc:subfield code="a">Handwerk</marc:subfield>
          </marc:datafield>
          <marc:datafield tag="650" ind1="1" ind2=" ">
            <marc:subfield code="a">Beutnitz (Golmsdorf, Dornburg-Camburg, Saale-Holzland-Kreis, Thüringen)</marc:subfield>
          </marc:datafield>
          <marc:datafield tag="773" ind1="0" ind2=" ">
            <marc:subfield code="t">Mühlen-, Gips- und sonstige Anlagen</marc:subfield>
          </marc:datafield>
          <marc:datafield tag="852" ind1=" " ind2=" ">
            <marc:subfield code="a">Industriedenkmal Königshütte Bad Lauterberg im Harz</marc:subfield>
          </marc:datafield>
          <marc:datafield tag="" ind1=" " ind2=" ">
            <marc:subfield code="a">Namensnennung - Nicht kommerziell - Keine Bearbeitungen 4.0 International (CC BY-NC-ND 4.0)</marc:subfield>
          </marc:datafield>
        </marc:record>
      </metadata>
    </record>
  </GetRecord>
</OAI-PMH>
